000 00664nam a2200241Ia 4500
001 36483
005 20240114001856.0
007 ta
008 070423s1949 a g b000 u 465 u
040 _aCotton College,Assam
041 _a465
082 _a737.405
_bJ 82 J
100 _aAltekar, A.S..
245 0 _aJournal of the Numismatic Society of India: Vol X /
_cA.S.Altekar.
_hReports
250 _a1st ed. /
260 _aBombay :
_bNumismatic Society of India ,
_c1949.
300 _a177p. :
_bill ;
_c24cm .
653 _aJournal-Numismatic Society
653 _aG-Technology
942 _2ddc
_cBK
999 _c36465
_d36465